| 000 | 01054cab a22002415a 4500 | ||
|---|---|---|---|
| 001 | L140645 | ||
| 008 | 080708s20080704xxkado f s 000 0 eng d | ||
| 035 | _a(Sirsi) u144274 | ||
| 041 | 0 | _aeng | |
| 100 | 1 | _aWatson, Stuart | |
| 245 | 0 | 0 |
_aProperty Week supplement _bMidlands |
| 260 | _c2008 | ||
| 490 |
_aProperty Week Supplement _v72(30) 4 July 2008 |
||
| 520 | _aRegional report on the Midlands area. Considers the market for out-of-town business parks in Birmingham. Reports on the downturn in the industrial sector. Presents research from CB Richard Ellis showing how Nottingham is still strong despite the economic downturn (tables). Explains leisure development in schemes such as Alton Towers. Reports on a regenration sheme at Longbridge. Reports on plans to develop Kettering as a retail hub. | ||
| 590 | _aKA | ||
| 651 | 4 | _aMidlands | |
| 690 | _aPROPERTY-COMMERCIAL PROPERTY-COMMERCIAL PROPERTY MARKET | ||
| 700 | 1 | _aWatson, Stuart | |
| 700 | 1 | _aShah, Aditi | |
| 700 | 1 | _aHeap, Richard | |
| 700 | 1 | _aMcAllister, Sean | |
| 942 | _n0 | ||
| 999 |
_c80414 _d80414 |
||